Normal view
MARC view
Entry Personal Name
001 - CONTROL NUMBER
- control field: 40867
003 - CONTROL NUMBER IDENTIFIER
- control field: ARRUPE
005 - DATE AND TIME OF LATEST TRANSACTION
- control field: 20180322111616.0
008 - FIXED-LENGTH DATA ELEMENTS
- fixed length control field: 180322|| aca||aabn | a|a d
040 ## - CATALOGING SOURCE
- Original cataloging agency: ARRUPE
- Transcribing agency: ARRUPE
100 ## - HEADING--PERSONAL NAME
- Personal name: Maloux, Maurice,
- Relator term: ed.
670 ## - SOURCE DATA FOUND
- Source citation: Work cat.: (ARRUPE)0: Maloux, Maurice, ed., Dictionnaire des proverbes, sentences, et maximes., [1960]